Studenú vojnu 2.0 nikto nechce

Napätie na Kryme je nebezpečné. Globálny vojenský alebo obchodný konflikt si neželá Západ, Rusko ani Čína. Ako sa vyvíja konflikt na Ukrajine a Kryme.

Saved in:
Bibliographic Details
Main Author: Pressburg, Adrian Peter
Format: Book Chapter
Language:Slovak
Subjects:
Tags: Add Tag
No Tags, Be the first to tag this record!

MARC

LEADER 00000naa a2200000 4500
001 0183566
005 20231113100810.3
041 0 |a slo 
044 |a SK 
245 1 0 |a Studenú vojnu 2.0 nikto nechce  |c Adrian Peter Pressburg 
520 |a Napätie na Kryme je nebezpečné. Globálny vojenský alebo obchodný konflikt si neželá Západ, Rusko ani Čína. Ako sa vyvíja konflikt na Ukrajine a Kryme. 
610 2 0 |a politika vnútorná 
610 2 0 |a politika zahraničná 
610 2 0 |a politika medzinárodná 
610 2 0 |a konflikty 
610 2 0 |a Ukrajina 
610 2 0 |a Rusko 
100 1 |a Pressburg, Adrian Peter